000 00338nam a2200133Ia 4500
008 211109s9999||||xx |||||||||||||| ||und||
082 _a613.0954
_bGRA-H
100 _aGrant, John B,
245 0 _aHealth Of India No 12
260 _bNATIONAL BOOKSTALL
_aKottayam
_c1943
630 _xGeneral Stack
650 _xGeneralia
942 _cBOOK
999 _c10215
_d10215